000 00334nam a2200121Ia 4500
008 220803s9999 xx 000 0 und d
041 _aeng
082 _a728.38 SAH
100 _aSahastrabudhe Narendra. & Narendra Sahasrabuddhe
_930028
245 _aVaastu Flat Sanstruti.
260 _aPune
_bPrajakta Prakashan
_c2014
300 _a208p
999 _c18864
_d18864